| 000 | 00838nmm a2200265 a 4500 | ||
|---|---|---|---|
| 001 | ocm000884731 | ||
| 003 | TR-IsHL | ||
| 005 | 20201028143801.0 | ||
| 008 | 141121s2014 tu tur | ||
| 007 | cr cn | ||
| 020 | _a9786055032104 | ||
| 035 |
_a884731 _b(N$T) |
||
| 050 | 0 | 4 |
_aPL248.K838 _bA74 2014 |
| 090 | 0 | 4 |
_aPL248.K838 _bA74 2014 |
| 100 | 1 | _aKüçükoruç, Vasıf | |
| 245 | 1 | 0 |
_aAşk beyaz _h[electronic resource] / _cVasıf Küçükoruç |
| 260 |
_aİstanbul : _bAvrupa Yakası Yayınları, _c2014 |
||
| 300 | _a280 p. | ||
| 650 | 4 | _aDil ve Edebiyat | |
| 650 | 4 | _aLanguage and Literature | |
| 650 | 0 | _aTürk romanı | |
| 650 | 0 | _aTurkish fiction | |
| 650 | 7 |
_aLITERARY COLLECTIONS / Middle Eastern _2bisacsh |
|
| 856 | 4 | 0 | _uhttp://search.ebscohost.com/login.aspx?direct=true&scope=site&db=e011xww&AN=884731 |
| 999 |
_c9085 _d9085 |
||